书目信息 |
| 题名: |
汽车自动变速器原理·检测·拆装·维修
|
|
| 作者: | 张永新 编 | |
| 分册: | ||
| 出版信息: | 北京 化学工业出版社 2014 |
|
| 页数: | 135页 | |
| 开本: | 26cm | |
| 丛书名: | ||
| 单 册: | ||
| 中图分类: | U463.212.01 , U472.41 | |
| 科图分类: | ||
| 主题词: | 汽车--自动变速装置--理论 , 汽车--自动变速装置--维修 , 汽车 , 自动变速装置 | |
| 电子资源: | ||
| ISBN: | 978-7-122-19410-7 | |
| 000 | 00917nam0 2200277 450 | |
| 001 | 012015000541 | |
| 005 | 20150911082833.79 | |
| 010 | @a978-7-122-19410-7@dCNY39.00 | |
| 100 | @a20140429d2014 em y0chiy50 ea | |
| 101 | 0 | @achi |
| 102 | @aCN@b110000 | |
| 105 | @aa z 000yy | |
| 106 | @ar | |
| 200 | 1 | @a汽车自动变速器原理·检测·拆装·维修@Aqi che zi dong bian su qi yuan li · jian ce · chai zhuang · wei xiu@f张永新编 |
| 210 | @a北京@c化学工业出版社@d2014 | |
| 215 | @a135页@c图@d26cm | |
| 330 | @a本书共分六部分,包括汽车传统自动变速箱、无级变速箱与双离合变速箱的原理、检测技术与常见故障的典型实例。 | |
| 606 | 0 | @a汽车@x自动变速装置@x理论 |
| 606 | 0 | @a汽车@x自动变速装置@x维修 |
| 606 | 0 | @a汽车 |
| 606 | 0 | @a自动变速装置 |
| 690 | @aU463.212.01@v5 | |
| 690 | @aU472.41@v5 | |
| 701 | 0 | @a张永新@Azhang yong xin@4编 |
| 801 | 0 | @aCN@b碧洲教育@c20150716 |
| 905 | @a10447@f2@dU463.212.01@e239 | |
| 汽车自动变速器原理·检测·拆装·维修/张永新编.-北京:化学工业出版社,2014 |
| 135页:图;26cm |
| ISBN 978-7-122-19410-7:CNY39.00 |
| 本书共分六部分,包括汽车传统自动变速箱、无级变速箱与双离合变速箱的原理、检测技术与常见故障的典型实例。 |
| ● |
| 相关链接 |
|
|
|
|
正题名:汽车自动变速器原理·检测·拆装·维修
索取号:U463.212.01/239
 
预约/预借
| 序号 | 登录号 | 条形码 | 馆藏地/架位号 | 状态 | 备注 |
| 1 | 0848973 | 208489731 | 第二样本阅览室/ [索取号:U463.212.01/239] | 在馆 | |
| 2 | 0848974 | 208489740 | 密集书库-物理学院/ [索取号:U463.212.01/239] | 在馆 |